Brigance inventory of early development II / (Record no. 118069)
[ view plain ]
| 000 -LEADER | |
|---|---|
| fixed length control field | 00577nam a2200181Ia 4500 |
| 008 - FIXED-LENGTH DATA ELEMENTS--GENERAL INFORMATION | |
| fixed length control field | 140609s9999 xx 000 0 und d |
| 020 ## - INTERNATIONAL STANDARD BOOK NUMBER | |
| International Standard Book Number | 9780760961643 |
| 050 ## - LIBRARY OF CONGRESS CALL NUMBER | |
| Classification number | LB 1029.06 |
| Item number | .B854 2010 |
| 100 ## - MAIN ENTRY--PERSONAL NAME | |
| Personal name | Brigance, Albert H. |
| 245 ## - TITLE STATEMENT | |
| Title | Brigance inventory of early development II / |
| Statement of responsibility, etc | Albert H. Brigance |
| 260 ## - PUBLICATION, DISTRIBUTION, ETC. (IMPRINT) | |
| Place of publication, distribution, etc | North Billerica, MA : |
| Name of publisher, distributor, etc | Curriculum Associates, |
| Date of publication, distribution, etc | c2010. |
| 300 ## - PHYSICAL DESCRIPTION | |
| Extent | 427 p. : |
| Other physical details | col. ill. ; |
| Dimensions | 29x30 cm. |
| 500 ## - GENERAL NOTE | |
| General note | Includes appendices. |
| 521 ## - TARGET AUDIENCE NOTE | |
| Target audience note | |
| 650 ## - SUBJECT ADDED ENTRY--TOPICAL TERM | |
| Topical term or geographic name as entry element | Children with disabilities |
| General subdivision | Development. |
| 942 ## - ADDED ENTRY ELEMENTS (KOHA) | |
| Call number prefix | Foreign |
| Koha item type | Books |
| Withdrawn status | Lost status | Source of classification or shelving scheme | Damaged status | Home library | Current library | Shelving location | Date acquired | Source of acquisition | Total Checkouts | Full call number | Barcode | Date last seen | Price effective from | Koha item type |
|---|---|---|---|---|---|---|---|---|---|---|---|---|---|---|
| Library of Congress Classification | College Library | College Library | General Circulation Section | 06/09/2014 | Donation | LB 1029.06 .B854 2010 | C18357 | 03/16/2015 | 06/09/2014 | Books |